Cơi masrĩh và mỏq vila Akhàt jucar raglai
Là câu chuyện sử thi nhưng kể bằng lời hát. Gồm 11 khúc hát về việc: Truyền thuyết Cơi masrĩh mỏq vila; Cơi Hara - Mỏq Lawùq - con cháu trần gian mới; tội lỗi loài người trần thế; Cơi masrĩh mỏq vila tạo dựng con người mới trần thế; khu...
Zapisane w:
| 1. autor: | |
|---|---|
| Kolejni autorzy: | |
| Format: | Książka |
| Język: | Undetermined |
| Wydane: |
H.
Khoa học xã hội
2010
|
| Hasła przedmiotowe: | |
| Dostęp online: | http://lrc.tdmu.edu.vn/opac/search/detail.asp?aID=2&ID=19247 |
| Etykiety: |
Dodaj etykietę
Nie ma etykietki, Dołącz pierwszą etykiete!
|
| Thư viện lưu trữ: | Trung tâm Học liệu Trường Đại học Thủ Dầu Một |
|---|
| LEADER | 01519nam a2200229Ia 4500 | ||
|---|---|---|---|
| 001 | TDMU_19247 | ||
| 008 | 210410s9999 xx 000 0 und d | ||
| 082 | |a 398.208999 | ||
| 090 | |b CH104 | ||
| 100 | |a Chamaliaq, Riya Tiẻnq | ||
| 245 | 0 | |a Cơi masrĩh và mỏq vila | |
| 245 | 0 | |b Akhàt jucar raglai | |
| 245 | 0 | |c Chamaliaq Riya Tiẻnq, Trần Kiêm Hoàng | |
| 260 | |a H. | ||
| 260 | |b Khoa học xã hội | ||
| 260 | |c 2010 | ||
| 300 | |a 291 tr. | ||
| 520 | |a Là câu chuyện sử thi nhưng kể bằng lời hát. Gồm 11 khúc hát về việc: Truyền thuyết Cơi masrĩh mỏq vila; Cơi Hara - Mỏq Lawùq - con cháu trần gian mới; tội lỗi loài người trần thế; Cơi masrĩh mỏq vila tạo dựng con người mới trần thế; khuyên bày, dạy bảo phép lý, lễ tục, sự việc kiêng cữ cho người Raglai; dạy làm việc cưới, việc tang; dạy ứng xử với con người; ăn ở với cha mẹ, tổ tiên; vui chơi.... | ||
| 650 | |a Văn học dân gian |x Sử thi - Hát kể |x Dân tộc Raglai |z Việt Nam; Sử thi - Hát kể |x Dân tộc Raglai |z Việt Nam; Dân tộc Raglai |x Văn học |x Sử thi - Hát kể | ||
| 700 | |a Trần, Kiêm Hoàng | ||
| 856 | |u http://lrc.tdmu.edu.vn/opac/search/detail.asp?aID=2&ID=19247 | ||
| 980 | |a Trung tâm Học liệu Trường Đại học Thủ Dầu Một | ||